004730000a22001210004500090001700000245012000017041001300137700003100150100002600181942001300207773011400220999001700334 aASbSeriadas10aAdvertisement calls of three Eleutherodactylus species () in a colombian highland community0 aInglés1 aGuzmán, Francisco9978511 aBernal, Ximena997850 cARTICULO1 tRevista de la Academia Colombiana de Ciencias Exactas, Fisicas y Naturales332hSupl. Esp.q261-264d1999g23 c14030d14030